[Event "3rd 4NCL Easter Congress"]
[Site "Mercure Daventry Court Hotel"]
[Date "2023.04.10"]
[Round "7"]
[Board "20"]
[White "Gunarathne, Miheli"]
[Black "Walker, Heather Enid"]
[Result "0-1"]
[WhiteElo "873"]
[BlackElo "1273"]
[PlyCount "62"]
[EventDate "2023.04.07"]
[EventRounds "7"]
[EventCountry "ENG"]

1. e4 Nf6 2. Nc3 e5 3. Nf3 Nc6 4. Bc4 Bc5 5. O-O O-O 6. d3 h6 7. Be3 Qe7 8. Nh4 d6
9. Ng6 Qd8 10. Nxf8 Qxf8 11. f4 Bxe3+ 12. Kh1 Bxf4 13. Nd5 Nxd5 14. exd5 Na5 15.
Bb5 a6 16. Ba4 b5 17. Bb3 Nxb3 18. cxb3 Qd8 19. Qf3 Qg5 20. d4 Bg4 21. Qf2 Qh5 22.
h3 Bf5 23. Qf3 Bg4 24. Qc3 Ra7 25. dxe5 Bxe5 26. Qc6 f6 27. a4 b4 28. a5 Qh4 29.
g3 Qxh3+ 30. Kg1 Qxg3+ 31. Kh1 Qh2#  0-1